LIBRARY & INFORMATION CENTRE, KCAET, TAVANUR

ONLINE PUBLIC ACCESS CATALOGUE (OPAC)

Successful teaching: its psychological principles / (Record no. 12000)

MARC details
000 -LEADER
fixed length control field 00426cam a2200157ua 4500
041 ## - LANGUAGE CODE
Language code of text/sound track or separate title eng
082 ## - DEWEY DECIMAL CLASSIFICATION NUMBER
Classification number 370.102
Item number MUR/SU
100 ## - MAIN ENTRY--AUTHOR NAME
Personal name Murrell, James L .
245 ## - TITLE STATEMENT
Title Successful teaching: its psychological principles /
250 ## - EDITION STATEMENT
Edition statement 2 /
260 ## - PUBLICATION, DISTRIBUTION, ETC. (IMPRINT)
Place of publication New York :
Name of publisher McGraw Hill Book Company ,
Year of publication 1954.
300 ## - PHYSICAL DESCRIPTION
Number of Pages 321 ; .
942 ## - ADDED ENTRY ELEMENTS (KOHA)
Koha item type Books
Holdings
Withdrawn status Lost status Damaged status Home library Current library Date acquired Full call number Accession Number Koha item type
Withdrawn     KAUAET Sanskrit University 07/04/2012 370.102 539 Books
free website counter